| 000 | 01299cam a2200313 4500 | ||
|---|---|---|---|
| 001 | J108576 | ||
| 008 | 000000n1999 000 0 eng u | ||
| 035 | _a(Sirsi) u108576 | ||
| 050 | _a346.41043 | ||
| 110 |
_aGeneral Council of the Bar _9691 |
||
| 245 | _aBlundell Memorial Lectures 1999 : current problems in property law ... June 1999. | ||
| 260 |
_aLondon _bRICS Conferences & Training _c1999 |
||
| 300 | _a7pt. in one binder ; 30cm. | ||
| 505 | _aFitness for purpose - caveat lessee? - Malcolm Hollis | ||
| 505 | _aFitness for purpose - caveat lessee? - Martin Roger | ||
| 505 | _aCollective enfranchisement - fixing the price - Anthony Radevsky | ||
| 505 | _aCollective enfranchisement - fixing the price - Ian Macpherson | ||
| 505 | _aIndependent experts - where has the law got to? - Lesley Webber | ||
| 505 | _aIndependent experts - where has the law got to? - Geoffrey Wright | ||
| 505 | _aProperty law - the human rights dimension - Charles Harpum & Hugh Mercer | ||
| 650 | _aBLUNDELL MEMORIAL LECTURES | ||
| 650 | _aLEASES | ||
| 650 | _aLEASEHOLD REFORM | ||
| 650 | _aHUMAN RIGHTS ACT 1998 | ||
| 690 |
_aLANDLORD AND TENANT _96252 |
||
| 710 |
_aLaw Society of England and Wales _91639 |
||
| 710 |
_aRoyal Institution of Chartered Surveyors _94900 |
||
| 942 | _n0 | ||
| 999 |
_c100828 _d100828 |
||